Economic development in the Republic of Korea : (Record no. 71393)
[ view plain ]
| 000 -LEADER | |
|---|---|
| fixed length control field | 00866cam a2200265 a 4500 |
| 001 - CONTROL NUMBER | |
| control field | 536966 |
| 003 - CONTROL NUMBER IDENTIFIER | |
| control field | BD-DhUL |
| 005 - DATE AND TIME OF LATEST TRANSACTION | |
| control field | 20160529151127.0 |
| 008 - FIXED-LENGTH DATA ELEMENTS--GENERAL INFORMATION | |
| fixed length control field | 901009s1991 hiuab b s001 0 eng |
| 010 ## - LIBRARY OF CONGRESS CONTROL NUMBER | |
| LC control number | 90020706 |
| 020 ## - INTERNATIONAL STANDARD BOOK NUMBER | |
| International Standard Book Number | 0866381317 |
| Terms of availability | $49.50 |
| 035 ## - SYSTEM CONTROL NUMBER | |
| System control number | 536966 |
| 040 ## - CATALOGING SOURCE | |
| Original cataloging agency | LC |
| Language of cataloging | eng |
| Transcribing agency | LC |
| Modifying agency | LC |
| -- | BD-DhUL |
| 043 ## - GEOGRAPHIC AREA CODE | |
| Geographic area code | a-ko--- |
| 050 #4 - LIBRARY OF CONGRESS CALL NUMBER | |
| Classification number | HC467 |
| Item number | .E266 1991 |
| 082 04 - DEWEY DECIMAL CLASSIFICATION NUMBER | |
| Classification number | 338.95195 |
| Edition number | 20 |
| Item number | ECO |
| 245 10 - TITLE STATEMENT | |
| Title | Economic development in the Republic of Korea : |
| Remainder of title | a policy perspective / |
| Statement of responsibility, etc. | edited by Lee-Jay Cho and Yoon Hyung Kim. |
| 260 ## - PUBLICATION, DISTRIBUTION, ETC. (IMPRINT) | |
| Place of publication, distribution, etc. | Honolulu, Hawaii : |
| Name of publisher, distributor, etc. | Distributed by the University of Hawaii Press, |
| Date of publication, distribution, etc. | c1991. |
| 300 ## - PHYSICAL DESCRIPTION | |
| Extent | xxix, 649 p. : |
| Other physical details | ill., map ; |
| Dimensions | 25 cm. |
| 504 ## - BIBLIOGRAPHY, ETC. NOTE | |
| Bibliography, etc | Includes bibliographical references and index. |
| 650 #0 - SUBJECT ADDED ENTRY--TOPICAL TERM | |
| Topical term or geographic name as entry element | Industrial policy |
| Geographic subdivision | Korea (South) |
| 700 1# - ADDED ENTRY--PERSONAL NAME | |
| Personal name | Cho, Lee-Jay. |
| 700 1# - ADDED ENTRY--PERSONAL NAME | |
| Personal name | Kim, Yoon-Hyung. |
| 942 ## - ADDED ENTRY ELEMENTS (KOHA) | |
| Source of classification or shelving scheme | |
| Koha item type | Books |
| Price effective from | Date last seen | Permanent Location | Not for loan | Date acquired | Source of classification or shelving scheme | Koha item type | Lost status | Withdrawn status | Source of acquisition | Collection code | Damaged status | Shelving location | Barcode | Current Location | Full call number |
|---|---|---|---|---|---|---|---|---|---|---|---|---|---|---|---|
| 2016-05-29 | 2016-05-29 | Dhaka University Library | 2016-05-29 | Books | Purchased | Non Fiction | General Stacks | 345994 | Dhaka University Library | 338.95195 ECO |
